|
|
|
|
| LEADER |
00000cam a2200000 7i4500 |
| 001 |
0000002206 |
| 005 |
20030325.0 |
| 020 |
0 |
0 |
|a 9839592610
|
| 090 |
0 |
0 |
|a FRIM691.1
|b TIM 1997
|
| 245 |
0 |
0 |
|a TIMBER design handbook
|c by Chu Yue Pun ... [et al.]
|
| 260 |
0 |
0 |
|a Kuala Lumpur :
|b Institut Penyelidikan Perhutanan Malaysia ,
|c 1997
|
| 300 |
|
|
|a xv, 288 p. :
|b ill. ;
|c 23 cm.
|
| 440 |
0 |
0 |
|a Malayan forest records; n. 42
|
| 500 |
0 |
0 |
|a Includes bibliography: p. 282-285 and index
|
| 650 |
0 |
0 |
|a Timber
|x Design and construction
|x Handbooks, manual, etc.
|
| 700 |
0 |
1 |
|a Chu
|h Yue Pun
|
| 710 |
1 |
1 |
|a Institut Penyelidikan Perhutanan Malaysia (FRIM)
|
| 998 |
|
|
|a JPSM
|
| 999 |
|
|
|a 0000003483
|b Monograph
|c Open Shelf
|e Default branch
|